[Event "Osasco op"]
[Site "Osasco"]
[Date "2023.12.03"]
[Round "5"]
[White "Fernandini, Felipe Piacente"]
[Black "Alves, Josue Flor De Souza"]
[Result "0-1"]
[WhiteElo "1506"]
[BlackElo "1810"]
[PlyCount "78"]
[EventDate "2023.12.01"]
[EventType "swiss"]
[EventRounds "6"]
[EventCountry "BRA"]
[SourceTitle "CB50_2023"]
[SourceDate "2023.12.13"]
[SourceVersion "1"]
[SourceVersionDate "2023.12.13"]
[SourceQuality "1"]

1. e4 e5 2. Nf3 Nc6 3. Bc4 Nf6 4. d3 Bc5 5. 0-0 0-0 6. h3 d6 7. c3 a6 8. Bb3 Ba7 9. Re1 Ne7 10. d4 Ng6 11. Bg5 h6 12. Bh4 b5 13. Bg3 Bb7 14. Bc2 Re8 15. Nbd2 Nh7 16. Nf1 Nf6 17. Qb1 Nh5 18. Bh2 Nhf4 19. Ng3 Qf6 20. dxe5 Nxe5 21. Nd4 g6 22. Nge2 Nxe2+ 23. Rxe2 b4 24. Qc1 Kg7 25. Bf4 Qh4 26. Be3 Nc4 27. Bf4 Ne5 28. Bg3 Qh5 29. Re1 Kh7 30. Bd1 Qg5 31. Kh2 Qxc1 32. Rxc1 Nd3 33. Bb3 Nxc1 34. Rxc1 bxc3 35. bxc3 Rxe4 36. Bxf7 Rf8 37. Bb3 Rfe8 38. Ne6 R4xe6 39. Bxe6 Rxe6 0-1